Aviculture (Record no. 16901)
[ view plain ]
| 000 -LEADER | |
|---|---|
| fixed length control field | 00238nam a22001097a 4500 |
| 008 - FIXED-LENGTH DATA ELEMENTS--GENERAL INFORMATION | |
| fixed length control field | 140204t xxu||||| |||| 00| 0 eng d |
| 020 ## - INTERNATIONAL STANDARD BOOK NUMBER | |
| International Standard Book Number | 81-7141-730-2 |
| 100 ## - MAIN ENTRY--PERSONAL NAME | |
| Personal name | Ashok Kumar |
| 9 (RLIN) | 639 |
| 245 ## - TITLE STATEMENT | |
| Title | Aviculture |
| 300 ## - PHYSICAL DESCRIPTION | |
| Extent | 313 |
| 942 ## - ADDED ENTRY ELEMENTS (KOHA) | |
| Source of classification or shelving scheme | |
| Koha item type | Book |
| Withdrawn status | Lost status | Source of classification or shelving scheme | Damaged status | Not for loan | Collection code | Permanent Location | Current Location | Date acquired | Total Checkouts | Full call number | Barcode | Date last seen | Price effective from | Koha item type |
|---|---|---|---|---|---|---|---|---|---|---|---|---|---|---|
| Atta-ur-Rahman School of Applied Biosciences (ASAB) | Atta-ur-Rahman School of Applied Biosciences (ASAB) | 02/04/2014 | 636.6 KUM | ASAB1657 | 03/06/2017 | 02/04/2014 | Book |
